| 000 | 00702cam a2200253 a 4500 | ||
|---|---|---|---|
| 001 | 1895099 | ||
| 005 | 20180213034053.0 | ||
| 008 | 840123s1984 nyua b 001 0 eng | ||
| 010 | _a 84000799 | ||
| 020 |
_a0917724429 : _c$28.95 |
||
| 020 | _a0866563148 (pbk.) | ||
| 040 |
_aDLC _cDLC _dDLC |
||
| 041 | _aeng | ||
| 043 | _an-us--- | ||
| 060 | _aW 322 S6733 | ||
| 080 | _a362.10425068 LUR | ||
| 082 | 0 | 0 |
_a362.10425068 LUR _219 |
| 100 | _a50 | ||
| 101 | _aSOC | ||
| 245 | 0 | 0 |
_aSocial work administration in health care / _cedited by Abraham Lurie, Gary Rosenberg. |
| 504 | _aIncludes bibliographies and index. | ||
| 906 |
_a7 _bcbc _corignew _d1 _eocip _f19 _gy-gencatlg |
||
| 942 |
_2ddc _cBK |
||
| 999 |
_c42340 _d42340 |
||